000 00656nam a2200241Ia 4500
003 OSt
005 20221005050214.0
006 a|||||r|||| 00| 0
007 ta
008 221004b |||||||| |||| 00| 0 eng d
024 _a53366
037 _cTextual
040 _aCRL
_cCRL
_beng
041 _2eng
_aeng
082 _aO111,3xN3, 32K6
100 _aWarrier M S Chandrasekhara
_9594372
245 0 _aAkaleninnu vannavar
260 _aKottayam
_bIndia Press 1966
_c1966
300 _a94
_ccm.
650 _aENGLISH FICTION
942 _hO111,3xN3, 32K6
_cTEXL
_2cc
999 _c956499
_d956499